000 00945nam a2200265Ia 4500
003 OSt
005 20220923211002.0
006 a|||||r|||| 00| 0
007 ta
008 220922b |||||||| |||| 00| 0 hin d
020 _a8170164109 (hbk)
_c50
024 _a235,183
037 _b426, 04/03/2008, University Book House
_cTextual
040 _aARTS
_cARTS
_bhin
041 _2hin
_ahin
082 _aO152,8N49x, N8
100 _aजनमेजय, प्रेम
_9156849
245 0 _aशर्म मुझको मगर क्यों आती?
246 _aSharma muzako magar kyoan ātī?
260 _aनयी दिल्ली
_b किताबघर
_c1998
300 _a84पृ.
_ccm.
650 _aहिन्दी साहित्य
_9156264
942 _hO152,8N49x, N8
_cTEXL
_2CC
999 _c293538
_d293538